Understanding business
Salvato in:
| Autore principale: | |
|---|---|
| Altri autori: | , |
| Natura: | Libro |
| Pubblicazione: |
Boston :
Mc Graw-Hill.,
c2006
|
| Edizione: | 7th.ed. |
| Soggetti: | |
| Tags: |
Aggiungi Tag
Nessun Tag, puoi essere il primo ad aggiungerne!!
|
MARC
| LEADER | 00000nam a2200000 4500 | ||
|---|---|---|---|
| 020 | |a 9780071255912 |c TZs.48950.244 | ||
| 040 | |a MUL |b eng. |e AACR | ||
| 082 | |a 650 NIC | ||
| 100 | |a Nickels, William G. | ||
| 245 | |a Understanding business |c / William G. Nickels, James M. McHugh and Susan M. McHug | ||
| 250 | |a 7th.ed. | ||
| 260 | |a Boston : |b Mc Graw-Hill., |c c2006 | ||
| 300 | |a xli,1 v. (pag. varia) |c 28 cm | ||
| 504 | |a Includes index | ||
| 546 | |a eng. | ||
| 650 | |a Business | ||
| 650 | |a Business--Vocational guidance | ||
| 650 | |a Industrial management | ||
| 700 | |a McHugh, Susan M | ||
| 700 | |a McHugh, James M | ||
| 942 | |c BK | ||
| 999 | |c 2823 |d 2823 | ||